Muḥāḍarāt fī al-qānūn al-madanī, (Record no. 45517)

MARC details
000 -LEADER
fixed length control field 00857cam a22002171 4500
001 - CONTROL NUMBER
control field ne 63000222
003 - CONTROL NUMBER IDENTIFIER
control field DLC
005 - DATE AND TIME OF LATEST TRANSACTION
control field 20260227111740.0
008 - FIXED-LENGTH DATA ELEMENTS--GENERAL INFORMATION
fixed length control field 821103m19619999ua 000 0 ararc
010 ## - LIBRARY OF CONGRESS CONTROL NUMBER
LC control number ne 63000222
035 ## - SYSTEM CONTROL NUMBER
System control number (OCoLC)8919526
040 ## - CATALOGING SOURCE
Original cataloging agency Princeton Univ. Libr.
Transcribing agency TU
Modifying agency TU
-- DLC
042 ## - AUTHENTICATION CODE
Authentication code premarc
050 00 - LIBRARY OF CONGRESS CALL NUMBER
Classification number KMC194
Item number .S23 1961
100 1# - MAIN ENTRY--PERSONAL NAME
Personal name Ṣaddah, ʻAbd al-Munʻim Faraj.
245 10 - TITLE STATEMENT
Title Muḥāḍarāt fī al-qānūn al-madanī,
Remainder of title al-mulkīyah fī qawānīn al-bilād al-ʻArabīyah,
Statement of responsibility, etc. al-qāhā ʻAbd al-Munʻim Faraj al-Ṣaddah ʻala ṭalabat qism al-dirāsāt al-qānūnīyah.
260 ## - PUBLICATION, DISTRIBUTION, ETC.
Place of publication, distribution, etc. [al-Qāhirah]
Name of publisher, distributor, etc. Jāmiʻat al-Duwal al-ʻArabīyah, Maʻhad al-Dirāsāt al-ʻArabīyah al-ʻĀliyah,
Date of publication, distribution, etc. [1961-]
300 ## - PHYSICAL DESCRIPTION
Extent v.
Dimensions 24 cm.
505 0# - FORMATTED CONTENTS NOTE
Formatted contents note Taḥlīl wa-madā ḥaqq al-mulkīyah-
650 #0 - SUBJECT ADDED ENTRY--TOPICAL TERM
Topical term or geographic name entry element Property
Geographic subdivision Arab countries.

No items available.

Powered by Koha